000 00667cam a22002293a 4500
001 25408
003 PGUSA
005 20140828083539.0
008 080509s2008||||xxu|||||s|||||000 | eng d
040 _aPGUSA
_beng
042 _adc
050 4 _aPQ
100 1 _aFrance, Anatole,
_d1844-1924
245 1 0 _aChild Life In Town And Country :
_b1909
_h[electronic resource] /
_cAnatole France
260 _bProject Gutenberg,
_c2008
506 _aPublic domain in the USA.
516 _aElectronic text
700 1 _aAllinson, A. R.
_q(Alfred Richard),
_d1854-
830 0 _aProject Gutenberg
_v25408
856 4 0 _uhttp://www.gutenberg.org/ebooks/25408
942 _cEB
999 _c254663
_d254663